Statistiques concernant Dessinez des oiseaux en devinant des pays

Cliquez ici pour prendre le quiz!

Statistiques générales

  • Ce quiz a été pris 22 902 fois
  • Le résultat moyen est 13 sur 24

Réponses sur la Carte

Les réponses sont colorées sur une échelle allant du rouge au vert en fonction du pourcentage des utilisateurs qui les ont devinées à leur premier essai. Vous pouvez retrouver ces pourcentages ci-dessous.
 

Statistiques - réponses

#Réponse% Correct
1816Brésil
94%
1001Argentine
85%
1285Chine
83%
1863Colombie
77%
1861Pérou
76%
1100Mexique
75%
1210Inde
73%
Perruche
67%
1387Venezuela
67%
1435Bolivie
66%
1622Équateur
60%
1722Indonésie
60%
1110RD du Congo
59%
936Thaïlande
47%
Colibri
44%
1058Kenya
43%
1073Tanzanie
42%
884Panama
41%
920Angola
30%
1034Birmanie
26%
888Cameroun
25%
998Ouganda
22%
914Soudan
20%
Macareux
17%

Distribution des résultats

Percentile par nombre de réponses

% des personnes avec chaque résultat

Votre développement - résultats

Vous n’avez pas pris ce quiz